International routes from Birmingham International Airport (BHX) - Statistics

General Stats
  • This quiz has been taken 16 times
  • The average score is 173 of 250
Answer Stats
Airline International Route Country % Correct
easyJet Amsterdam Netherlands
100%
KLM Amsterdam Netherlands
100%
easyJet Berlin Germany
100%
Ryanair Berlin Germany
100%
Aer Lingus Dublin Ireland
100%
Ryanair Dublin Ireland
100%
easyJet Geneva Switzerland
100%
Jet2.com Geneva Switzerland
100%
Turkish Airlines Istanbul Turkiye
100%
Pegasus Airlines Istanbul-Saibha Gocken Turkiye
100%
Lufthansa Munich Germany
100%
Lufthansa City Airlines Munich Germany
100%
easyJet Palma de Mallorca Spain
100%
Jet2.com Palma de Mallorca Spain
100%
Ryanair Palma de Mallorca Spain
100%
TUI Airways Palma de Mallorca Spain
100%
Ryanair Paris-Beauvais France
100%
Air France Paris-Charles de Gaulle France
100%
easyJet Paris-Charles de Gaulle France
100%
easyJet Barcelona Spain
93%
Jet2.com Barcelona Spain
93%
Ryanair Barcelona Spain
93%
Vueling Barcelona Spain
93%
Ryanair Bucharest-Otopeni Romania
93%
Wizz Air Bucharest-Otopeni Romania
93%
Jet2.com Budapest Hungary
93%
Ryanair Budapest Hungary
93%
TUI Airways Budapest Hungary
93%
Wizz Air Budapest Romania
93%
Jet2.com Copenhagen Denmark
93%
Scandinavian Airlines Copenhagen Denmark
93%
Ryanair Cork Ireland
93%
Air India Delhi India
93%
Air Dolomiti Frankfurt Germany
93%
Lufthansa Frankfurt Germany
93%
easyJet Krakow Poland
93%
Jet2.com Krakow Poland
93%
Ryanair Krakow Poland
93%
easyJet Lisbon Portugal
93%
Ryanair Lisbon Portugal
93%
Ryanair Madrid Spain
93%
easyJet Milan-Liante Italy
93%
easyJet Prague Czechia
93%
Jet2.com Prague Czechia
93%
Ryanair Rome-Ciampino Italy
93%
easyJet Rome-Fiumicino Italy
93%
Jet2.com Rome-Fiumicino Italy
93%
Ryanair Rome-Fiumicino Italy
93%
Wizz Air Rome-Fiumicino Italy
93%
Jet2.com Venice Italy
93%
Swiss International Airlines Zurich Switzerland
93%
Corendon Airlines Antalya Turkiye
86%
easyJet Antalya Turkiye
86%
Jet2.com Antalya Turkiye
86%
SunExpress Antalya Turkiye
86%
TUI Airways Antalya Turkiye
86%
Jet2.com Cologne Germany
86%
Qatar Airways Doha Qatar
86%
Emirates Dubai-International United Arab Emirates
86%
Jet2.com Dubrovnik Croatia
86%
TUI Airways Dubrovnik Croatia
86%
Jet2.com Ibiza Spain
86%
Ryanair Ibiza Spain
86%
TUI Airways Ibiza Spain
86%
Saudia Jeddah Saudi Arabia
86%
easyJet Marrakesh Morocco
86%
Jet2.com Marrakesh Morocco
86%
Ryanair Marrakesh Morocco
86%
TUI Airways Marrakesh Morocco
86%
Jet2.com Palermo Italy
86%
Jet2.com Porto Portugal
86%
Ryanair Porto Portugal
86%
Ryanair Sofia Bulgaria
86%
TUI Airways Sofia Bulgaria
86%
Ryanair Stockholm-Arlanda Sweden
86%
Jet2.com Turin Italy
86%
Ryanair Turin Italy
86%
TUI Airways Turin Italy
86%
Jet2.com Vienna Austria
86%
Ryanair Warsaw-Modlin Poland
86%
Jet2.com Athens Greece
79%
Jet2.com Bergen Norway
79%
Eurowings Dusseldorf Germany
79%
easyJet Heraklion Greece
79%
Jet2.com Heraklion Greece
79%
TUI Airways Heraklion Greece
79%
Jet2.com Izmir Turkiye
79%
SunExpress Izmir Turkiye
79%
easyJet Malaga Spain
79%
Jet2.com Malaga Spain
79%
Ryanair Malaga Spain
79%
TUI Airways Malaga Spain
79%
Jet2.com Naples Italy
79%
TUI Airways Naples Italy
79%
easyJet Nice France
79%
Jet2.com Nice France
79%
TUI Airways Oslo Norway
79%
easyJet Reykjavik-Keflavik Iceland
79%
Jet2.com Reykjavik-Keflavik Iceland
79%
TUI Airways Sal Cape Verde
79%
Jet2.com Salzburg Austria
79%
Ryanair Salzburg Austria
79%
TUI Airways Salzburg Austria
79%
easyJet Sharm El Sheikh Egypt
79%
Jet2.com Sharm El Sheikh Egypt
79%
TUI Airways Sharm El Sheikh Egypt
79%
Jet2.com Tallinn Estonia
79%
easyJet Tenerife-South Spain
79%
Jet2.com Tenerife-South Spain
79%
Ryanair Tenerife-South Spain
79%
TUI Airways Tenerife-South Spain
79%
Ryanair Valencia Spain
79%
Jet2.com Agadir Morocco
71%
Ryanair Agadir Morocco
71%
TUI Airways Agadir Morocco
71%
easyJet Alicante Spain
71%
Jet2.com Alicante Spain
71%
Ryanair Alicante Spain
71%
TUI Airways Alicante Spain
71%
easyJet Bordeaux France
71%
Jet2.com Gdansk Poland
71%
easyJet Hurghada Egypt
71%
Jet2.com Hurghada Egypt
71%
TUI Airways Hurghada Egypt
71%
easyJet Innsbruck Austria
71%
Jet2.com Innsbruck Austria
71%
TUI Airways Innsbruck Austria
71%
easyJet Larnaca Cyprus
71%
Jet2.com Larnaca Cyprus
71%
TUI Airways Larnaca Cyprus
71%
Jet2.com Menorca Spain
71%
TUI Airways Menorca Spain
71%
Ryanair Poznan Poland
71%
Ryanair Seville Spain
71%
Ryanair Shannon Ireland
71%
Jet2.com Thessaloniki Greece
71%
TUI Airways Thessaloniki Greece
71%
Ryanair Tirana Albania
71%
Jet2.com Verona Italy
71%
Ryanair Verona Italy
71%
TUI Airways Verona Italy
71%
Ryanair Bergamo Italy
64%
Jet2.com Bodrum Turkiye
64%
Jet2.com Burgas Bulgaria
64%
TUI Airways Burgas Bulgaria
64%
TUI Airways Cancun Mexico
64%
easyJet Corfu Greece
64%
Jet2.com Corfu Greece
64%
Ryanair Corfu Greece
64%
TUI Airways Corfu Greece
64%
easyJet Faro Portugal
64%
Jet2.com Faro Portugal
64%
Ryanair Faro Portugal
64%
Jet2.com Funchal Portugal
64%
TUI Airways Funchal Portugal
64%
Jet2.com Girona Italy
64%
Ryanair Girona Italy
64%
TUI Airways Girona Italy
64%
easyJet Gran Canaria Spain
64%
Jet2.com Gran Canaria Spain
64%
Ryanair Gran Canaria Spain
64%
TUI Airways Gran Canaria Spain
64%
easyJet Kos Greece
64%
Jet2.com Kos Greece
64%
TUI Airways Kos Greece
64%
Ryanair Lodz Poland
64%
TUI Airways Montego Bay Jamaica
64%
Jet2.com Paphos Cyprus
64%
Ryanair Paphos Cyprus
64%
TUI Airways Paphos Cyprus
64%
Jet2.com Pisa Italy
64%
Ryanair Pisa Italy
64%
Ryanair Plovdiv Bulgaria
64%
TUI Airways Punta Cana Dominican Republic
64%
easyJet Rhodes Greece
64%
Jet2.com Rhodes Greece
64%
Ryanair Rhodes Greece
64%
TUI Airways Rhodes Greece
64%
Jet2.com Santorini Greece
64%
Jet2.com Tivat Montenegro
64%
easyJet Valetta Malta
64%
Jet2.com Valetta Malta
64%
Ryanair Valetta Malta
64%
easyJet Dalaman Turkiye
57%
Jet2.com Dalaman Turkiye
57%
SunExpress Dalaman Turkiye
57%
TUI Airways Dalaman Turkiye
57%
easyJet Fuerteventura Spain
57%
Jet2.com Fuerteventura Spain
57%
Ryanair Fuerteventura Spain
57%
TUI Airways Fuerteventura Spain
57%
easyJet Lanzarote Spain
57%
Jet2.com Lanzarote Spain
57%
Ryanair Lanzarote Spain
57%
TUI Airways Lanzarote Spain
57%
Jet2.com Reus Spain
57%
Ryanair Reus Spain
57%
TUI Airways Reus Spain
57%
Ryanair Santander Spain
57%
Ryanair Toulouse France
57%
TUI Airways Toulouse France
57%
Jet2.com Zakynthos Greece
57%
TUI Airways Zakynthos Greece
57%
TUI Airways Barbados Barbados
50%
Jet2.com Catania Spain
50%
Ryanair Knock Ireland
50%
Jet2.com Pula Croatia
50%
TUI Airways Pula Croatia
50%
Ryanair Zadar Croatia
50%
TUI Airways Boa Vista Cape Verde
43%
Jet2.com Chania Greece
43%
Ryanair Chania Greece
43%
TUI Airways Chania Greece
43%
easyJet Enfidha Tunisia
43%
TUI Airways Enfidha Tunisia
43%
Jet2.com Kalamata Greece
43%
Jet2.com Kefalonia Greece
43%
TUI Airways Kefalonia Greece
43%
Jet2.com Olbia Italy
43%
easyJet Rovaniemi Finland
43%
Ryanair Rovaniemi Finland
43%
TUI Airways Rovaniemi Finland
43%
Wizz Air Timisoara Romania
43%
Jet2.com Almeria Spain
36%
Air India Amritsar India
36%
Ryanair Bydgoszcz Poland
36%
Jet2.com Jerez de la Frontera Spain
36%
Jet2.com Skiathos Greece
36%
TUI Airways Skiathos Greece
36%
Wizz Air Craiova Romania
29%
easyJet Grenoble France
29%
Jet2.com Grenoble France
29%
Ryanair Grenoble France
29%
TUI Airways Kittila Finland
29%
TUI Airways La Romana Dominican Republic
29%
Jet2.com Preveza Greece
29%
Jet2.com Samos Greece
29%
Jet2.com Chambery France
21%
TUI Airways Chambery France
21%
Jet2.com Kavala Greece
21%
TUI Airways Kavala Greece
21%
Jet2.com Mytilene Greece
21%
Ryanair Treviso Italy
21%
Jet2.com Bergerac France
14%
TUI Airways Kuusamo Finland
14%
Ryanair Perpignan France
14%
Wizz Air Sibiu Romania
14%
Wizz Air Suceava Romania
14%
Jet2.com Spilt Croatia
7%
Ryanair Murica Spain
0%
No matching quizzes found
Score Distribution
Percent of People with Each Score
Percentile by Number Answered
Your Score History
You have not taken this quiz